Castellano 1: método de lectura y escritura
Αποθηκεύτηκε σε:
| Κύριοι συγγραφείς: | , |
|---|---|
| Μορφή: | Βιβλίο |
| Γλώσσα: | Ισπανικά |
| Έκδοση: |
Santiago
Santillana del Pacífico
1988
|
| Έκδοση: | 7a. ed |
| Θέματα: | |
| Ετικέτες: |
Προσθήκη ετικέτας
Δεν υπάρχουν, Καταχωρήστε ετικέτα πρώτοι!
|
MARC
| LEADER | 00000nam a2200000 a 4500 | ||
|---|---|---|---|
| 001 | UCW3476 | ||
| 003 | CL-VaPUC | ||
| 008 | 880923e19880000CL |||||||||||||||||spa|d | ||
| 082 | 0 | 4 | |a 372.41 |b RAM |2 21 |
| 100 | 0 | |a Ramos Pérez, Antonio |e author |9 307672 | |
| 700 | 0 | |a Salgado Linares, Mirta |e author |9 307673 | |
| 245 | 1 | 0 | |a Castellano 1: método de lectura y escritura |
| 250 | |a 7a. ed | ||
| 300 | |a 128 p | ||
| 942 | |c BK | ||
| 945 | |d 19880923 00:00:00 | ||
| 260 | |a Santiago |b Santillana del Pacífico |c 1988 | ||
| 650 | 7 | |a SILABARIOS |2 CL-VaPUC |9 307674 | |
| 650 | 7 | |a ESPAÑOL LIBROS DE TEXTO |2 CL-VaPUC |9 307657 | |
| 583 | |a last modification |c 19880923 00:00:00 |k Rodrigo Vera | ||
| 999 | |c 217455 |d 217453 | ||
| 952 | |0 0 |1 0 |4 0 |6 372_410000000000000_RAM_1988 |7 0 |8 P |9 205063 |a BIBEDU |b BIBEDU |c BIBEDU_PB |d 2019-11-15 |i 2730162 |o 372.41 RAM 1988 |p 2730162 |r 2024-01-25 |w 2019-11-15 |y BK |k EDU | ||
| 952 | |0 0 |1 0 |4 0 |6 372_410000000000000_RAM_1988 |7 0 |8 P |9 205064 |a BIBEDU |b BIBEDU |c BIBEDU_PB |d 2019-11-15 |i 2730170 |l 1 |o 372.41 RAM 1988 |p 2730170 |r 2022-04-11 |s 2022-04-05 |w 2019-11-15 |y BK |k EDU | ||
| 952 | |0 0 |1 0 |4 0 |6 372_410000000000000_RAM_1988 |7 0 |8 P |9 205065 |a BIBEDU |b BIBEDU |c BIBEDU_PB |d 2019-11-15 |i 2730189 |o 372.41 RAM 1988 |p 2730189 |r 2024-01-25 |w 2019-11-15 |y BK |k EDU | ||